000 00255nam a22001097a 4500
041 _aENG
100 _aVaughan.C.E
245 _aSeed Processing And handling
260 _aDelhi
_bSeed Technology Laboratory
_c2005
650 _aAPE
856 _uAPE ( 10 )
999 _c1797
_d1797